| 000 | 00693nam a2200205Ia 4500 | ||
|---|---|---|---|
| 003 | IN-BaIIA | ||
| 008 | 211028s9999 xx 000 0 eng d | ||
| 040 | _cIIA Library | ||
| 080 |
_a083.7:69.003.12 _bISI |
||
| 110 | _aIndian Standards Institution | ||
| 245 | 0 |
_aIndian standard method of measurement of building and civil engineering work _bpt. 17, roadwork including airfield pavements _cIndian Standards Institution |
|
| 260 |
_aNew Delhi _bIndian Standards Institution _c1969 |
||
| 300 | _a6p. | ||
| 500 | _aIS 1200 : Part 17 : 1969 | ||
| 650 |
_a Airfield Pavements _99138 |
||
| 650 | _a Civil Engineering | ||
| 650 | _a Standards | ||
| 650 | _aNASA Thesaurus | ||
| 942 | _cBK | ||
| 999 |
_c5147 _d5147 |
||